Lectures on General Relativity

-д хадгалсан:
Номзүйн дэлгэрэнгүй
Үндсэн зохиолчид: Trautman, Andrzej (Зохиогч), Pirani, F. A. E (Зохиогч), Bondi, H (Зохиогч)
Формат: Ном
Хэл сонгох:англи
Хэвлэсэн: Upper Saddle River Prentice Hall 1965
Нөхцлүүд:
Шошгууд: Шошго нэмэх
Шошго байхгүй, Энэхүү баримтыг шошголох эхний хүн болох!

MARC

LEADER 00000nam a2200000 a 4500
001 UCH1875
003 CL-VaPUC
008 090514e19650000us |||||||||||||||||eng|d
082 0 4 |a 530.11  |b TRA  |2 21 
100 0 |a Trautman, Andrzej  |e author  |9 536454 
700 0 |a Pirani, F. A. E  |e author  |9 536455 
700 0 |a Bondi, H  |e author  |9 536456 
245 1 0 |a Lectures on General Relativity 
300 |a v 
942 |c BK 
945 |d 20090514 00:00:00  |a dcastane 
260 |a Upper Saddle River  |b Prentice Hall  |c 1965 
650 0 |a Relatividad general (Física)  |9 338525 
650 0 |a Teoría de la relatividad   |9 266149 
650 0 |a Física   |9 227844 
583 |a last modification  |c 20171205 01:33:54  |k Rodrigo Vera 
999 |c 333772  |d 333770 
952 |0 0  |1 0  |4 0  |6 530_110000000000000_TRA_1965  |7 0  |8 A  |9 422375  |a BIBCUR  |b BIBCUR  |d 2019-11-22  |h v.1  |i 4543823  |o 530.11 TRA 1965  |p 4543823  |r 2025-04-22  |w 2019-11-22  |y BK  |k FIS